The black phone - Statistics

General Stats
  • This quiz has been taken 219 times
  • The average score is 9 of 10
Answer Stats
Hints Answers % Correct
Main Finney
94%
Kidnaps The grabber
93%
"Hijo de puta" Robin
92%
"Finns arm is mint!!" Bruce
88%
Finney sister Gwen
88%
"Pathetic Little Life" Vance
84%
Paper boy Billy
83%
Brother of kidnapper Max
80%
Little kid :( Griffin
78%
Finney crush Donna
76%
No matching quizzes found
Score Distribution
Percent of People with Each Score
Percentile by Number Answered
Your Score History
You have not taken this quiz